banner-ar

الاعلام الاقتصادى : (Record no. 63159)

MARC details
000 -الفاتح
حقل البيانات ثابتة الطول 01052nam a22002657a 4500
005 - وقت وتاريخ اخر تعامل مع التسجيلة
رقم الضبط 20240530110626.0
008 - عناصر البيانات ثابتة الطول - معلومات عامة
حقل البيانات ثابتة الطول 170104s2015 ua a g b 000 0 ara d
017 ## - رقم الايداع القانونى
رقم الايداع القانونى 23734/2014
المصدر ( الهيئة المختصة) مصر. دار الكتب
020 ## - الرقم الدولى المعيارى للكتب
الرقم الدولى المعيارى للكتاب 9789773192211
040 ## - مصدر الفهرسة
وكالة الفهرسة الأصلية EG-CaGPL
وكالة النسخ EG-CaGPL
082 04 - رقم تصنيف ديوى العشرى
رقم الطبعة 21
رقم التصنيف 384.63\
رقم المادة م إ
100 0# - المدخل الرئيسى - إسم شخصى
الإسم الشخصى ماجد فاضل الزبون
245 12 - بيان العنوان
العنوان الاعلام الاقتصادى :
بقية العنوان قراءة فى القنوات العربية المتخصصة /
بيان المسئوليه,etc ماجد فاضل الزبون
250 ## - بيان الطبعة
بيان الطبعة ط. 1
260 ## - PUBLICATION, DISTRIBUTION, ETC. (IMPRINT)
تاريخ النشر أو التوزيع 2015.
300 ## - الوصف المادى
التعداد 247 ص. :
تفاصيل ماديه اخرى للوعاء جداول ؛
أبعاد الوعاء 24 سم.
504 ## - تبصرة ببليوجرافية
تبصرة ببليوجرافية,الخ يشتمل على ارجاعات ببليوجرافية
650 07 - المدخل الاضافى بالموضوع-مصطلح موضوعى
مصدر الرأس أو المصطلح qrmak
مصطلح موضوعي وسائل الاعلام
650 07 - المدخل الاضافى بالموضوع-مصطلح موضوعى
مصدر الرأس أو المصطلح qrmak
مصطلح موضوعي الوعى الاجتماعى
650 07 - المدخل الاضافى بالموضوع-مصطلح موضوعى
مصدر الرأس أو المصطلح qrmak
مصطلح موضوعي القنوات التليفزيونية الفضائية
651 ## - المدخل الاضافى بالموضوع - اسم جغرافى
مصدر الرأس أو المصطلح qrmak
653 04 - مصطلح تكشيفى غير مقيد
مصطلح غير مقيد الاعلام الاقتصادى
942 ## - عناصر المدخل الإضافي( كوها)
مصدر التصنيف او مخطط الترفيف Dewey Decimal Classification
Koha [default] item type كتاب
260 ## - PUBLICATION, DISTRIBUTION, ETC. (IMPRINT)
-- القاهرة :
-- العربى للنشر و التوزيع ،
Holdings
حالة التراجع حالة الفقد حالة تلف ليس للاعارة المكان المؤقت الموقع الحالى موقع الترفيف تاريخ الاكتساب اجمالي اﻻعارات رقم الطلب الباركود تاريخ اخر مشاهدة تاريخ تفعيل السعر نوع وعاء كوها
        مكتبة القاهرة الكبرى مكتبة القاهرة الكبرى القاعة الرئيسية 01/04/2017   384.63\ م إ 163121 01/04/2017 01/04/2017 كتاب

Powered By

EGPV